Je ... ? - Clic Quiz - Statistiques

Statistiques générales
  • Ce quiz a été pris 297 fois
  • Le résultat moyen est 16 sur 25
Statistiques - réponses
Hint Explanation Réponse % Correct
Célèbre réplique (No. I am your father.) dans le film américain Star Wars, épisode V : L'Empire contre-attaque sorti en 1980 Je suis ton père
92%
Extrait de l'emission "N'Oubliez Pas Les Paroles!" où le candidat doit bloquer les paroles Je bloque ces paroles
91%
Extrait du film "Titanic" avec la réplique "Je suis le roi du monde" Je suis le roi du monde
91%
Extrait de l'émission "C'est mon choix" avec la phrase prononcée ici " hey Je Suis Pas Venu Ici Pour Souffrir Ok !" devenue un même sur internet Je suis pas venue ici pour souffrir ok ?
90%
Il faut cliquer en haut de la page sur l'étoile la plus à droite de préférence ^^ Je récompense un quiz sur Jetpunk
87%
Réplique du film "Brice de Nice" Je t'ai cassé
86%
Extrait de l'émission The Voice où la mention "I want you" / "Je vous veux" apparait quand un membre du jury se retourne en appuyant sur le buzzer Je vous veux
81%
Je suis Exempt d'explication vu la réponse Je Peux Pas, j'ai Piscine
79%
« Je vous ai compris » est la phrase-clé du discours du 4 juin 1958 de Charles de Gaulle à Alger Je vous ai compris
77%
Lara Fabian chante "Je t'aime" lors des Victoires de la Musique 1998 Je t'aime
75%
Chanson de Jean-Jacques Goldman et Michael Jones Je te donne
75%
Extrait du film "Sixième sens" avec la réplique "Je vois des gens qui sont morts" Je vois des gens qui sont morts
74%
Extrait d'une sortie de Jean-Marie Le Pen en campagne en 1997 avec cette phrase : Je vais te faire courir, moi, tu vas voir, le rouquin, là-bas. Hein ? Pédé ! (pour être précis) Je vais te faire courir, moi, tu vas voir, le rouquin, là-bas
69%
t Extrait du film "Je suis une légende" Je suis une légende
68%
Extrait du film "Le père noël est une ordure" avec la fameuse réplique...Je T'encule Thérèse, je te mets... Je t'encule Thérèse
68%
Claude François et ses Claudettes sur le titre "Je vais à Rio" Je vais à Rio
65%
Extrait du film "La Ligne Verte" avec la réplique "Je suis fatigué Patron" Je suis fatigué Patron
57%
Extrait de la parodie de Tournez Manège des Inconnus avec la réplique de Pascal Légitimus "Je m'en vais comme un prince" Je m'en vais comme un prince
53%
Extrait du clip de la chanson de Zaz "Je veux" Je veux
45%
Extrait du film "Les Bronzés font du ski" avec la réplique "J'nen peux plus" Je n'en peux plus
42%
Extrait du film "Les Bronzés font du ski" avec la réplique "J t'expliquerai" Je t'expliquerai
39%
Extrait de la franchise "l'Arme Fatale" avec la réplique récurrente "Je suis trop vieux pour ces conneries" Je suis trop vieux pour ces conneries
38%
Extrait du film "Les Bronzés font du ski" avec la réplique "Je vais te tuer" Je vais te tuer
34%
Extrait du film "Jusqu'en enfer" avec la réplique "I beat you, you old bitch! qui donne dans la VF "Je t'ai baisé vieille mégère" Je t'ai baisé vieille mégère
31%
Extrait du film "Je vous trouve très beau" Je vous trouve très beau
30%
Aucun quiz correspondant
Distribution des résultats
% des personnes avec chaque résultat
Percentile par nombre de réponses
Votre historique - résultats
Vous n’avez pas pris ce quiz